000
00285nam a2200121Ia 4500
005
20251222143215.0
008
251222s9999||||xx |||||||||||||| ||spa||
020
_a
0-00-329473-0
082
_a
428/C75H
245
0
_a
Helpful Ideas for Harassed Heads
264
_b
Collins
942
_c
LIB
999
_c
13610
_d
13610